Normal view
MARC view
- George, Jean Craighead,
Entry Nombre Personal
001 - NUMERO DE CONTROL
- campo de control: 43351
003 - IDENTIFICADOR DE NUMERO DE CONTROL
- campo de control: UPN
005 - FECHA Y HORA DE LA ÜLTIMA TRANSACCIÓN
- campo de control: 20210915103416.0
008 - DATOS DE LONGITUD FIJA
- campo de control de longitud fija: 210915|g aca||aaan | aaa d
040 ## - FUENTE DE CATALOGACIÓN
- Agencia original de catalogación: UPN
053 #4 - NÚMERO DE CLASIFICACIÓN LC
- Número de clasificación elemento-número único o número inicial de tramo: PS3557 E4.85
100 1# - ENCABEZAMIENTO - NOMBRE PERSONAL
- Nombre personal: George, Jean Craighead,
- Fechas asociadas con el nombre: 1919-2012
670 ## - FUENTE EN LA QUE SE LOCALIZARON DATOS
- Cita de la fuente: LC
680 ## - NOTA PUBLICA DE ACCESO PÚBLICO
- Encabezamiento o subdivisión: Escritora estadounidense de literatura infantil y juvenil; los temas que maneja es sobre el medio ambiente y el mundo natural
902 ## - CATALOGADOR
- Catalogador: CAA/150921
